[Event "AUTO-MASTER-363"]
[Site "http://www.queenalice.com/game.php?id=349561"]
[Date "2008.2.6"]
[Round "2"]
[White "dkfuji"]
[Black "Ernani"]
[Result "0-1"]
[WhiteElo "2115"]
[BlackElo "2000"]

1. e4 d5 2. exd5 Qxd5 3. Nc3 Qa5 4. Nf3 c6 5. d4 Qc7 6. Bc4 f6 7. O-O Bg4 8. Re1
Nd7 9. h3 Bh5 10. g4 Bg6 11. Be6 O-O-O 12. Nh4 Kb8 13. Qf3 Ka8 14. Bf4 Qb6 15.
Qg3 c5 16. Bc7 Qa6 0-1

[Event "AUTO-MASTER-363"]
[Site "http://www.queenalice.com/game.php?id=349562"]
[Date "2008.2.6"]
[Round "2"]
[White "Ernani"]
[Black "dkfuji"]
[Result "1-0"]
[WhiteElo "2021"]
[BlackElo "2100"]

1. e4 e5 2. Nf3 Nc6 3. Bc4 Bc5 4. O-O Nf6 5. d3 d6 6. Be3 Bb6 7. h3 O-O 8. Nc3
Be6 9. Bb3 Qe7 10. Ng5 Kh8 11. Nxe6 fxe6 12. Ne2 d5 13. exd5 Nxd5 14. Bxb6 axb6
15. c3 Qh4 16. Ng3 1-0

[Event "AUTO-MASTER-363"]
[Site "http://www.queenalice.com/game.php?id=349563"]
[Date "2008.2.6"]
[Round "2"]
[White "dkfuji"]
[Black "Stavrogin"]
[Result "1-0"]
[WhiteElo "2081"]
[BlackElo "2148"]

1. e4 e5 2. Nf3 Nc6 3. Nc3 Nf6 4. Bc4 Nxe4 5. Nxe4 d5 6. Bd3 dxe4 7. Bxe4 Bd6 8.
O-O O-O 9. c3 Bg4 10. d3 Qf6 11. Bg5 Qe6 12. Be3 1-0

[Event "AUTO-MASTER-363"]
[Site "http://www.queenalice.com/game.php?id=349564"]
[Date "2008.2.6"]
[Round "2"]
[White "Stavrogin"]
[Black "dkfuji"]
[Result "0-1"]
[WhiteElo "2134"]
[BlackElo "2100"]

1. e4 e5 2. Nf3 Nc6 3. Bb5 a6 4. Ba4 Nf6 5. O-O Be7 6. Re1 b5 7. Bb3 O-O 8. c3
d6 9. h3 Na5 10. Bc2 c5 11. d4 Qc7 12. Nbd2 cxd4 13. cxd4 Bb7 14. d5 Rac8 15.
Bd3 Nd7 0-1

[Event "AUTO-OPEN-819"]
[Site "http://www.queenalice.com/game.php?id=370990"]
[Date "2008.3.14"]
[Round "2"]
[White "Tessaro"]
[Black "dkfuji"]
[Result "0-1"]
[WhiteElo "1688"]
[BlackElo "2113"]

1. e4 e5 2. Nf3 Nc6 3. Bb5 a6 4. Bxc6 dxc6 5. d4 exd4 6. Qxd4 Qxd4 7. Nxd4 Nf6
8. O-O Bc5 9. Nb3 Nxe4 10. Nxc5 Nxc5 11. Be3 Na4 12. Re1 Be6 13. b3 Nb6 14. c4
O-O-O 15. Nc3 Rhe8 16. Rad1 Rxd1 17. Rxd1 Nd7 0-1

[Event "AUTO-OPEN-819"]
[Site "http://www.queenalice.com/game.php?id=370991"]
[Date "2008.3.14"]
[Round "2"]
[White "dkfuji"]
[Black "Tessaro"]
[Result "1-0"]
[WhiteElo "2114"]
[BlackElo "1686"]

1. e4 e5 2. Nf3 Nc6 3. Nc3 Nf6 4. Bc4 Bb4 5. O-O Bxc3 6. bxc3 Nxe4 7. Bd5 Nf6 8.
Bxc6 dxc6 9. Nxe5 O-O 10. Re1 Bf5 11. Rb1 Rb8 12. d3 Qd6 13. Qf3 Be6 14. c4 Rfe8
15. Bh6 Bg4 16. Nxg4 Nxg4 17. Rxe8+ 1-0

[Event "AUTO-OPEN-819"]
[Site "http://www.queenalice.com/game.php?id=370994"]
[Date "2008.3.14"]
[Round "2"]
[White "SuperMouse"]
[Black "dkfuji"]
[Result "1/2-1/2"]
[WhiteElo "2114"]
[BlackElo "2130"]

1. e4 e5 2. Nf3 Nc6 3. Bb5 a6 4. Ba4 Nf6 5. O-O Be7 6. Re1 b5 7. Bb3 O-O 8. c4
Bc5 9. h3 bxc4 10. Bxc4 Nxe4 11. Rxe4 d5 12. Nxe5 dxe4 13. Nxc6 Qf6 14. d4 exd3
15. Qf3 Qxf3 16. gxf3 Re8 17. Kg2 Bd7 18. Na5 Bb6 19. Nb3 Bb5 20. Na3 Bxc4 21.
Nxc4 Re2 22. Nxb6 cxb6 23. Bd2 Rd8 24. Rd1 Re6 25. Kf1 a5 26. Be3 Red6 27. Rc1
a4 28. Nd2 b5 29. Ne4 Rd5 30. Bd2 f5 31. Ng5 Re8 32. f4 Rdd8 33. a3 Rc8 34. Rd1
Rc2 35. Bc3 Rd8 36. Be5 Rc6 37. Nf3 Rc5 38. Kg2 Rcd5 39. Bc3 Re8 40. Ne5 Re6 41.
Kf3 Rh6 42. Kg3 Re6 43. Rd2 Red6 44. Bb4 Re6 45. Kf3 Rh6 46. Kg3 Re6 47. Kf3 Rh6
48. Kg2 Re6 49. Kf3 Rh6 1/2-1/2

[Event "AUTO-OPEN-819"]
[Site "http://www.queenalice.com/game.php?id=370995"]
[Date "2008.3.14"]
[Round "2"]
[White "dkfuji"]
[Black "SuperMouse"]
[Result "1/2-1/2"]
[WhiteElo "2139"]
[BlackElo "2156"]

1. e4 e5 2. Nf3 Nc6 3. Nc3 Nf6 4. Bc4 Bc5 5. d3 d6 6. Na4 Bb6 7. O-O O-O 8. Bd2
Be6 9. Bb5 Bg4 10. Bxc6 bxc6 11. h3 Bh5 12. Qe2 Re8 13. b3 d5 14. Rfd1 Qd6 15.
c4 h6 16. Rac1 dxe4 17. dxe4 Bd4 18. c5 Qe7 19. Rc4 Rad8 20. Bc3 Qe6 21. Rd2 Rd7
22. Bxd4 exd4 23. Rcxd4 Rxd4 24. Nxd4 Qd7 25. Nf3 Bxf3 26. Qe3 Qe6 27. Qxf3 Nxe4
28. Rd3 Qe5 29. Qe2 Nxc5 30. Qxe5 Rxe5 31. Rd8+ Kh7 32. Nxc5 Rxc5 33. Rd7 f5 34.
Rxc7 a5 35. Ra7 f4 36. a4 Kg6 37. Kf1 Kf6 38. h4 g5 39. hxg5+ hxg5 40. Ke2 Re5+
41. Kf3 Kf5 42. Rf7+ Ke6 43. Rf8 Rc5 44. g4 Ke5 45. Re8+ Kd4 46. Rd8+ Kc3 47.
Rb8 Kd3 48. Rb7 Rc3 49. Kg2 c5 50. Rb6 Kd2 51. Rb8 Kd1 52. Rd8+ Kc2 53. Rd5 Kxb3
54. Rxg5 Kxa4 55. Rf5 f3+ 56. Rxf3 Rxf3 57. Kxf3 c4 58. g5 c3 59. Ke2 Ka3 60. g6
c2 61. g7 c1=Q 62. g8=Q a4 63. Qd5 Qc2+ 64. Kf1 Kb2 65. Qd4+ Kb1 66. Kg2 a3 67.
Qb6+ Qb2 68. Qg6+ Ka1 69. Qd3 Qc1 70. Qd4+ Qb2 1/2-1/2

[Event "AUTO-MASTER-402"]
[Site "http://www.queenalice.com/game.php?id=383661"]
[Date "2008.4.7"]
[Round "2"]
[White "remy250"]
[Black "dkfuji"]
[Result "1/2-1/2"]
[WhiteElo "2409"]
[BlackElo "2130"]

1. e4 e5 2. Nf3 Nc6 3. Bb5 Nf6 4. O-O Bc5 5. c3 Be7 6. d4 O-O 7. d5 Nb8 8. Nxe5
d6 9. Nf3 Nxe4 10. Re1 Nf6 11. Bg5 h6 12. Be3 Nxd5 13. Qxd5 c6 14. Qd3 cxb5 15.
Qxb5 Nc6 16. Nbd2 Qc7 17. Bf4 Re8 18. Nc4 Be6 19. Rad1 Rad8 20. Qa4 a6 21. Ne3
g5 22. Bg3 Qb6 23. Re2 Qc5 24. h3 Bf6 25. Nd2 d5 26. Nb3 Qb6 27. Rxd5 Be7 28.
Qe4 Bf8 29. Qb1 a5 30. Ng4 Bxg4 31. Rxe8 Rxd5 32. hxg4 a4 33. Na1 Rd8 34. Rxd8
Qxd8 35. Nc2 Qd3 36. f3 Bc5+ 37. Kh2 Kg7 38. Kh1 b5 39. Qc1 Qc4 40. Ne3 Bxe3 41.
Qxe3 Qxa2 42. Qc5 Qc4 43. Qd6 Qe6 44. Qd3 Qb3 45. Qd7 Qe6 46. Qd3 Qb3 47. Qd7
Qe6 48. Qd3 1/2-1/2

[Event "AUTO-MASTER-402"]
[Site "http://www.queenalice.com/game.php?id=383662"]
[Date "2008.4.7"]
[Round "2"]
[White "dkfuji"]
[Black "remy250"]
[Result "0-1"]
[WhiteElo "2155"]
[BlackElo "2403"]

1. e4 c5 2. Nc3 Nc6 3. Nf3 g6 4. Bc4 Bg7 5. O-O d6 6. Re1 e6 7. d3 Nf6 8. Bg5 h6
9. Bf4 a6 10. a3 O-O 11. Ba2 Nh5 12. Be3 Nd4 13. Bd2 Bd7 14. a4 b5 15. Nxd4 cxd4
16. Nb1 bxa4 17. Na3 Qc7 18. Rb1 Rab8 19. Qf3 Kh7 20. g4 Nf6 21. g5 hxg5 22.
Bxg5 Nh5 23. Kh1 f6 24. Bh4 f5 25. Qg2 fxe4 26. dxe4 Nf4 27. Qg3 Bh6 28. Be7 Rf7
29. Qh4 Rxb2 30. Bg5 Nh5 31. Bc4 Rxb1 32. Rxb1 Qc5 33. Bxh6 Kxh6 34. Rg1 g5 35.
Qg4 Rf4 36. Qg2 Rxe4 37. f3 Re3 38. h4 Rxa3 39. Bd3 Rxd3 40. cxd3 Qf5 41. Qxg5+
Qxg5 42. hxg5+ Kg6 43. Kg2 Nf4+ 44. Kf1 a3 45. Ke1 Nxd3+ 46. Kd2 Nc5 47. Rh1 a2
48. Kc2 Ba4+ 49. Kb2 d3 50. Kc3 Bc2 51. Kb2 Bb1 52. f4 Nb3 53. f5+ exf5 54. Rxb1
a1=Q+ 55. Rxa1 Nxa1 56. Kc3 Kxg5 57. Kxd3 Kg4 0-1

[Event "AUTO-MASTER-392"]
[Site "http://www.queenalice.com/game.php?id=389831"]
[Date "2008.4.18"]
[Round "2"]
[White "ChessXtreme"]
[Black "dkfuji"]
[Result "1-0"]
[WhiteElo "2292"]
[BlackElo "2146"]

1. e4 e5 2. Nf3 Nc6 3. Bb5 a6 4. Bxc6 dxc6 5. O-O Bg4 6. h3 Bxf3 7. Qxf3 Qd7 8.
Qg3 Qe6 9. d3 Nf6 10. Be3 h5 11. f4 h4 12. f5 Qe7 13. Qf2 Nh5 14. Nd2 Ng3 15.
Rfe1 O-O-O 16. Nf3 Rh5 17. Kh2 Qf6 18. Bd2 Kb8 19. Nxh4 Rxh4 20. Qxg3 Be7 21.
Bc3 Bd6 22. b4 Rdh8 23. a4 R4h5 24. Rf1 Rg5 25. Qf2 Rgh5 26. Bd2 Be7 27. b5 axb5
28. axb5 cxb5 29. Qa7+ Kc8 30. Qa8+ Kd7 31. Qxb7 Qc6 32. Qxc6+ Kxc6 33. Rfb1 Rb8
34. Ra6+ Kd7 35. Ra2 Kc6 36. Rab2 Bc5 37. c4 Rd8 38. cxb5+ Kb7 39. Rb3 Ra8 40.
Rc1 Bb6 41. Bc3 f6 42. Rc2 Rhh8 43. Kg3 Rhd8 44. Bd2 Ra1 45. Bc1 Rda8 46. Kh4
Rh8+ 47. Kg4 Bd4 48. g3 Rd8 49. Kh5 Rd7 50. Kg6 Kb6 51. Ra3 Rb1 52. Ra8 Kxb5 53.
Rg8 Rb3 54. Rxg7 Rd6 55. Rgxc7 Rxd3 56. Rg2 Bb6 57. Rc8 Ka6 58. h4 R6d4 59. h5
Kb7 60. Re8 Rc4 61. h6 Rxc1 62. h7 Rh1 63. h8=Q Rxh8 64. Rxh8 Rd6 65. Rh7+ Kc6
66. Rc2+ Kb5 67. Rh1 Ka6 68. Ra1+ Kb7 69. Rb1 Ka7 70. Ra2+ Kb7 71. Rab2 Kc7 72.
Rxb6 Rd4 73. Kxf6 Rxe4 74. Ke6 Rd4 75. f6 Rd8 76. f7 Rh8 77. R6b4 Rh6+ 78. Ke7
1-0

[Event "AUTO-MASTER-392"]
[Site "http://www.queenalice.com/game.php?id=389832"]
[Date "2008.4.18"]
[Round "2"]
[White "dkfuji"]
[Black "ChessXtreme"]
[Result "1-0"]
[WhiteElo "2140"]
[BlackElo "2253"]

1. e4 c5 2. Nf3 e6 3. d4 cxd4 4. Nxd4 Nf6 5. Nc3 Bb4 6. Bd3 Bxc3+ 7. bxc3 d6 8.
Ba3 a6 9. f4 e5 10. fxe5 dxe5 11. Nf3 Qa5 12. Bb4 Qc7 13. O-O Nc6 14. Ba3 Be6
15. Qb1 b5 16. Kh1 h6 17. Qe1 Rc8 18. Rd1 Qb6 19. Nh4 Qa5 20. Bc5 Nd7 21. Bd6 g6
22. Nf3 f6 23. a4 bxa4 24. Nh4 Rg8 25. Qd2 Nd8 26. Bb4 Qb6 27. Qxh6 a5 28. Ba3
Rxc3 29. Rb1 Qc7 30. Qh7 Bf7 31. Bb5 Nc6 32. Ra1 Rxc2 33. Bxa4 Rc3 34. Rac1 Rxc1
35. Rxc1 Ndb8 36. Nf3 Kd8 37. Rd1+ 1-0

[Event "Challenge"]
[Site "http://www.queenalice.com/game.php?id=402262"]
[Date "2008.5.13"]
[Round "-"]
[White "dkfuji"]
[Black "rwcm"]
[Result "1-0"]
[WhiteElo "2129"]
[BlackElo "1543"]

1. e4 c5 2. Nf3 Nc6 3. d4 cxd4 4. Nxd4 Qa5+ 5. Nc3 e6 6. Nb5 Qb4 7. Nc7+ Kd8 8.
Nxa8 Nf6 9. a3 Qa5 10. Bf4 Nxe4 11. Bc7+ 1-0

[Event "Challenge"]
[Site "http://www.queenalice.com/game.php?id=426242"]
[Date "2008.7.2"]
[Round "-"]
[White "etits"]
[Black "dkfuji"]
[Result "0-1"]
[WhiteElo "1720"]
[BlackElo "2138"]

1. e4 e5 2. Nf3 Nc6 3. Bc4 Bc5 4. a3 Nf6 5. Nc3 d6 6. h3 O-O 7. d3 Be6 8. Bg5
Bxc4 9. dxc4 h6 10. Bh4 Nd4 11. Nd5 g5 12. Bg3 Nxe4 13. c3 Nf5 14. Qe2 Nfxg3 15.
fxg3 Nxg3 16. Qd3 e4 17. Qc2 exf3 18. O-O-O Nxh1 19. Rxh1 a5 20. gxf3 c6 21. f4
cxd5 22. cxd5 gxf4 23. Qf5 Qg5 24. Qc2 f3+ 25. Kb1 Rfe8 0-1

[Event "Challenge"]
[Site "http://www.queenalice.com/game.php?id=465706"]
[Date "2008.9.19"]
[Round "-"]
[White "etits"]
[Black "dkfuji"]
[Result "0-1"]
[WhiteElo "1749"]
[BlackElo "2145"]

1. e4 e5 2. Nf3 Nc6 3. Bc4 Bc5 4. O-O Nf6 5. Qe2 d6 6. h3 O-O 7. c3 Qe7 8. a3 a6
9. d3 Be6 10. Bg5 Bxc4 11. dxc4 h6 12. Bh4 a5 13. b4 axb4 14. cxb4 Bxb4 15. Qb2
Ba5 16. Nbd2 Bb6 17. Nb3 g5 18. Bg3 Nxe4 19. Kh2 f5 20. Kh1 g4 21. hxg4 fxg4 22.
Nh2 Bxf2 23. Bxf2 g3 24. Bg1 Qh4 25. Qe2 gxh2 0-1

[Event "AUTO-OPEN-819"]
[Site "http://www.queenalice.com/game.php?id=466991"]
[Date "2008.9.23"]
[Round "3"]
[White "schwam"]
[Black "dkfuji"]
[Result "0-1"]
[WhiteElo "2001"]
[BlackElo "2129"]

1. e4 e5 2. Nf3 Nc6 3. Bb5 a6 4. Ba4 Nf6 5. d3 b5 6. Bb3 Bb4+ 7. c3 Be7 8. O-O
O-O 9. a4 Bb7 10. Be3 d5 11. Nbd2 Qd6 12. exd5 Nxd5 13. Ne4 Qd8 14. Qd2 b4 15.
Bc4 Bc8 16. Bc5 Bxc5 17. Nxc5 Bg4 18. Ng5 Nf4 19. Nge4 bxc3 20. bxc3 Bf3 21.
gxf3 Qh4 22. Nf6+ Qxf6 23. Rfe1 Qg5+ 0-1

[Event "AUTO-OPEN-819"]
[Site "http://www.queenalice.com/game.php?id=466992"]
[Date "2008.9.23"]
[Round "3"]
[White "dkfuji"]
[Black "schwam"]
[Result "1-0"]
[WhiteElo "2137"]
[BlackElo "1992"]

1. e4 c6 2. Nf3 d5 3. e5 g6 4. d4 Bg4 5. Be2 Bg7 6. O-O e6 7. Nbd2 Ne7 8. h3
Bxf3 9. Nxf3 O-O 10. b4 a5 11. b5 cxb5 12. Bxb5 Qc7 13. Rb1 Rc8 14. Bd3 Nbc6 15.
c3 a4 16. Ba3 Qd7 17. Qd2 Nf5 18. g4 Bh6 19. Qb2 Nfe7 20. Qb5 Rcb8 21. Bd6 Ra5
22. Qb6 Rba8 23. g5 Bg7 24. Qc7 Qxc7 25. Bxc7 R5a7 26. Bb6 1-0

[Event "AUTO-OPEN-819"]
[Site "http://www.queenalice.com/game.php?id=466995"]
[Date "2008.9.23"]
[Round "3"]
[White "dkfuji"]
[Black "SuperMouse"]
[Result "0-1"]
[WhiteElo "2139"]
[BlackElo "2204"]

1. e4 e5 2. Nf3 Nc6 3. Nc3 Nf6 4. Bb5 Bc5 5. O-O O-O 6. Nxe5 Nxe5 7. d4 Bd6 8.
f4 Nc6 9. e5 Be7 10. exf6 Bxf6 11. d5 Nb4 12. a3 Bxc3 13. axb4 Bxb4 14. Be3 c6
15. Bd3 Qe7 16. Qf3 Re8 17. Bf2 b6 18. Kh1 Bb7 19. Qh3 g6 20. f5 Bc5 21. fxg6
fxg6 22. d6 Qe6 23. Qxe6+ dxe6 24. Bxc5 bxc5 0-1

[Event "AUTO-OPEN-819"]
[Site "http://www.queenalice.com/game.php?id=466996"]
[Date "2008.9.23"]
[Round "3"]
[White "SuperMouse"]
[Black "dkfuji"]
[Result "1-0"]
[WhiteElo "2193"]
[BlackElo "2150"]

1. d4 Nf6 2. c4 g6 3. Nc3 Bg7 4. e4 d6 5. Nf3 O-O 6. Be2 c5 7. d5 e5 8. Be3 Qb6
9. Qc2 Na6 10. a3 Bd7 11. O-O Ng4 12. Bd2 f5 13. Ng5 Nc7 14. exf5 Bxf5 15. Bd3
Bxd3 16. Qxd3 Qb3 17. Nge4 Rad8 18. Bg5 Nf6 19. Rab1 Rf7 20. f3 Rff8 21. Rfd1
Kh8 22. Nd2 Qb6 23. b4 cxb4+ 24. Be3 Qa6 25. axb4 1-0